Statistiques concernant Les 15 plus grandes villes de l'Amérique du Sud

Cliquez ici pour prendre le quiz!

Statistiques générales

  • Ce quiz a été pris 153 fois
  • Le résultat moyen est 9 sur 15

Statistiques - réponses

Population Réponse % Correct
14 millionsBuenos Aires
99%
12 millionsRio de Janeiro
97%
10,7 millionsBogota
94%
20 millionsSao Paulo
90%
10,6 millionsLima
90%
4,2 millionsCaracas
90%
6 millionsSantiago
88%
3,7 millionsBrasilia
83%
3,8 millionsRecife
45%
3,7 millionsMedellin
39%
5 millionsBelo Horizonte
37%
3,9 millionsSalvador
32%
4 millionsGuayaquil
16%
3,5 millionsCuritiba
12%
4,08 millionsPorte Alegre
1%

Distribution des résultats

Percentile par nombre de réponses

% des personnes avec chaque résultat

Votre développement - résultats

Vous n’avez pas pris ce quiz